Modern higher algebra
Guardat en:
| Autor principal: | |
|---|---|
| Format: | Llibre |
| Idioma: | anglès |
| Publicat: |
Chicago
University os Chicago Press
1937
|
| Matèries: | |
| Etiquetes: |
Afegir etiqueta
Sense etiquetes, Sigues el primer a etiquetar aquest registre!
|
MARC
| LEADER | 00000nam a2200000 a 4500 | ||
|---|---|---|---|
| 001 | UCQ9104 | ||
| 003 | CL-VaPUC | ||
| 008 | 981230e19370000US |||||||||||||||||eng|d | ||
| 082 | 0 | 4 | |a 512.02 |b ALB |2 21 |
| 100 | 0 | |a Albert, A. Adrian |e author |9 423502 | |
| 245 | 1 | 0 | |a Modern higher algebra |
| 300 | |a 319 p | ||
| 942 | |c BK | ||
| 945 | |d 19981230 00:00:00 |a crobeson | ||
| 260 | |a Chicago |b University os Chicago Press |c 1937 | ||
| 650 | 0 | |a Álgebra abstracta |9 260081 | |
| 650 | 0 | |a Estructuras algebraicas |9 422373 | |
| 650 | 7 | |a GRUPOS |2 CL-VaPUC |9 336429 | |
| 650 | 0 | |a Grupos finitos |9 270201 | |
| 650 | 0 | |a Anillos |9 374316 | |
| 650 | 0 | |a Matrices |9 22 | |
| 650 | 7 | |a CAMPOS |2 CL-VaPUC |9 422158 | |
| 650 | 0 | |a Teoría de Galois |9 271494 | |
| 583 | |a last modification |c 19981230 00:00:00 |k Rodrigo Vera | ||
| 999 | |c 278200 |d 278198 | ||
| 952 | |0 0 |1 0 |4 0 |6 512_020000000000000_ALB_1937 |7 0 |8 A |9 316630 |a BIBMAT |b BIBMAT |d 2019-11-20 |i 1310941 |o 512.02 ALB 1937 |p 1310941 |r 2025-01-07 |w 2019-11-20 |y BK |k MAT | ||